<?xml version="1.0" encoding="utf-8"?>
<?xml-stylesheet type='text/xsl' href='./oai2.xsl'?>
<OAI-PMH xmlns="http://www.openarchives.org/OAI/2.0/" xmlns:xsi="http://www.w3.org/2001/XMLSchema-instance" xsi:schemaLocation="http://www.openarchives.org/OAI/2.0/ http://www.openarchives.org/OAI/2.0/OAI-PMH.xsd">
  <responseDate>2026-06-07T08:26:43Z</responseDate>
  <request verb="GetRecord" metadataPrefix="marcxml" identifier="record_kuniweb_2505385">https://kulturerbe.niedersachsen.de/oai</request>
  <GetRecord>
    <record>
      <header>
        <identifier>record_kuniweb_2505385</identifier>
        <datestamp>2025-08-28T09:38:22Z</datestamp>
        <setSpec>slg0279</setSpec>
      </header>
      <metadata>
        <marc:record xmlns:marc="http://www.loc.gov/MARC21/slim" xsi:schemaLocation="http://www.loc.gov/MARC21/slim http://www.loc.gov/standards/marcxml/schema/MARC21slim.xsd">
          <marc:leader>12345nkm  22     uu 4500</marc:leader>
          <marc:controlfield tag="001">2505385</marc:controlfield>
          <marc:controlfield tag="003">http://kuniweb.gbv.de</marc:controlfield>
          <marc:controlfield tag="005">2024-03-18T11:38:34</marc:controlfield>
          <marc:controlfield tag="008">|           ||||||||||||||||||||||</marc:controlfield>
          <marc:datafield tag="245" ind1="1" ind2="0">
            <marc:subfield code="a">Supplementblatt Neue Folge - Abth. II des Musterbuchs - Königshütte bei Lauterberg a. Harz - Kochöfen Nr 151 und 194</marc:subfield>
          </marc:datafield>
          <marc:datafield tag="655" ind1=" " ind2="7">
            <marc:subfield code="a">Grafik</marc:subfield>
          </marc:datafield>
          <marc:datafield tag="046" ind1=" " ind2=" ">
            <marc:subfield code="k">1850</marc:subfield>
            <marc:subfield code="k">hergestellt zwischen ca. 1850 bis 1871</marc:subfield>
            <marc:subfield code="l">1871</marc:subfield>
          </marc:datafield>
          <marc:datafield tag="260" ind1=" " ind2=" ">
            <marc:subfield code="g">1850</marc:subfield>
            <marc:subfield code="g">1871</marc:subfield>
            <marc:subfield code="g">hergestellt zwischen ca. 1850 bis 1871</marc:subfield>
          </marc:datafield>
          <marc:datafield tag="520" ind1=" " ind2=" ">
            <marc:subfield code="a">Die Musterblätter - es gibt verschiedene Kategorien - hatten ein Format von etwa DIN A4, sie dienten der Präsentation des jeweiligen Objekts zu Verkaufszwecken.

 (Förderkreis Königshütte Bad Lauterberg e.V.)

Aufschrift:
Supplementblatt Neue Folge Abth. II des Musterbuchs Königshütte bei Lauterberg a Harz Kochöfen Nr. 151 Unterofen hoch 1‘ 9½“ - breit 1‘ 5⁄8“ – lang 2‘ 5“ Füße 1‘ 7⁄8 “ Oberofen 1‘ 21⁄8 “ Ganze Höhe 4‘ ½“ Gewicht ca. 298 Pfund Nr. 194 Unterofen hoch 1‘ 10“ - breit 1‘ 5¾“ – lang 2‘ 7¼“ Füße 1‘ 7⁄8 “ Oberofen 1‘ 2¾ “ Ganze Höhe 4‘ 5⁄8“ Gewicht ca. 350 Pfund (Das Gesetz von 1836 legte fest, dass der Hannoversche Fuß genau 23 Vierundzwanzigstel des englischen Fußes beträgt. Dies sind … genau 292,1 mm. 1 Zoll entspricht 24,3416 mm. Das Pfund im Königreich Hannover entspricht etwa 467,711 g.)

Verwendungszweck:
entspricht einem heutigen Verkaufskatalog

Literatur in Zusammenhang:
https://de.wikipedia.org/wiki/Lithografie https://de.wikipedia.org/wiki/Alte_Ma%C3%9Fe_und_Gewichte_(Hannover) https://www.sammeln-sammler.de/alte … Einige Ofentypen und Bezeichnungen - Sammeln.</marc:subfield>
          </marc:datafield>
          <marc:datafield tag="650" ind1="1" ind2=" ">
            <marc:subfield code="a">Ofen</marc:subfield>
          </marc:datafield>
          <marc:datafield tag="650" ind1="1" ind2=" ">
            <marc:subfield code="a">Musterblatt</marc:subfield>
          </marc:datafield>
          <marc:datafield tag="650" ind1="1" ind2=" ">
            <marc:subfield code="a">Grafik, Fotografie &gt; Grafik</marc:subfield>
          </marc:datafield>
          <marc:datafield tag="650" ind1="1" ind2=" ">
            <marc:subfield code="a">Handel</marc:subfield>
          </marc:datafield>
          <marc:datafield tag="773" ind1="0" ind2=" ">
            <marc:subfield code="t">Musterblätter - Öfen und Herde</marc:subfield>
          </marc:datafield>
          <marc:datafield tag="852" ind1=" " ind2=" ">
            <marc:subfield code="a">Industriedenkmal Königshütte Bad Lauterberg im Harz</marc:subfield>
          </marc:datafield>
          <marc:datafield tag="852" ind1=" " ind2=" ">
            <marc:subfield code="a">Clausthal-Zellerfeld (Goslar, Niedersachsen)</marc:subfield>
          </marc:datafield>
          <marc:datafield tag="" ind1=" " ind2=" ">
            <marc:subfield code="a">Namensnennung - Nicht kommerziell - Keine Bearbeitungen 4.0 International (CC BY-NC-ND 4.0)</marc:subfield>
          </marc:datafield>
        </marc:record>
      </metadata>
    </record>
  </GetRecord>
</OAI-PMH>
